00320nam a2200109Ia 4500008004100000082001700041100002400058245006500082260003900147300000800186650001600194191201s2004 xx 000 0 und d a005.131bGOA aGoodrich, Michael T 0aAlgorithm Design Foundations, Analysis and Internet examples aN.DelhibJohn wiley and Sonsc2004 a708 aB.Tech(CSE)